Blague sur les pays #2 - Statistiques

Statistiques générales
  • Ce quiz a été pris 109 fois
  • Le résultat moyen est 4 sur 14
Statistiques - réponses
Hint Réponse % Correct
Dan met des buts Danemark/Dan marque
85%
les fesses sont basses Cuba/Cul bas
70%
Martine fais l'amour Martinique/Martine nique
61%
Bière/limonade/grenadine Monaco
39%
le buteur de l'om en finale de LDC y vit Bolivie/Boli vit
36%
Elmaleh rate les choses Guadeloupe/Gad loupe
35%
Une grenouille coupe un arbre Croatie/Croa scie (cri de grenouille)
17%
Les soldats démentent les faits Arménie/Armée nie
15%
La soeur de Tommy Shelby y meurt Canada/Canne Ada
13%
Les fesses d'Elizabeth II Ukraine/Uc reine (cul en verlant)
8%
On boit du thé qualitatif Haïti/High tea
7%
le plus américain quand il interpelle qqn Oman/Ho man !
7%
tout se passe toujours bien Jamaïque/jamais de hic
6%
ses habitants sont détendus de base, mais pas là Turkménistan/turc mais il s'tend
2%
Aucun quiz correspondant
Distribution des résultats
% des personnes avec chaque résultat
Percentile par nombre de réponses
Votre historique - résultats
Vous n’avez pas pris ce quiz